Straßenjugendliche in Deutschland - eine Erhebung zum Ausmaß des Phänomens: Zwischenbericht : zentrale Ergebnisse der 1. Projektphase

Saved in:  
Bibliographic Details
Main Author: Hoch, Carolin (Author)
Corporate Author: Deutsches Jugendinstitut. Herausgebendes Organ (Issuing body)
Format: Print Book
Language:German
Published: Halle Deutsches Jugendinstitut, Außenstelle Halle (Saale) [2016]
In:Year: 2016
Check availability: HBZ Gateway
Subito Delivery Service: Order now.
Keywords:

MARC

LEADER 00000cam a2200000 c 4500
001 1622952901
003 DE-627
005 20240819163334.0
007 tu
008 170123s2016 xx ||||| 00| ||ger c
020 |a 9783863792008  |9 978-3-86379-200-8 
035 |a (DE-627)1622952901 
035 |a (DE-576)482210354 
035 |a (DE-599)BSZ482210354 
040 |a DE-627  |b ger  |c DE-627  |e rda 
041 |a ger 
084 |a 71.60  |2 bkl 
084 |a 79.16  |2 bkl 
084 |a 79.21  |2 bkl 
100 1 |a Hoch, Carolin  |e VerfasserIn  |4 aut 
245 1 0 |a Straßenjugendliche in Deutschland - eine Erhebung zum Ausmaß des Phänomens  |b Zwischenbericht : zentrale Ergebnisse der 1. Projektphase  |c Carolin Hoch ; Deutsches Jugendinstitut (DJI), Forschungsschwerpunkt "Übergänge im Jugendalter" 
264 1 |a Halle  |b Deutsches Jugendinstitut, Außenstelle Halle (Saale)  |c [2016] 
264 4 |c © 2016 
300 |a 59 Seiten  |b Illustrationen 
336 |a Text  |b txt  |2 rdacontent 
337 |a ohne Hilfsmittel zu benutzen  |b n  |2 rdamedia 
338 |a Band  |b nc  |2 rdacarrier 
490 0 |a Wissenschaftliche Texte 
710 2 |a Deutsches Jugendinstitut  |e Herausgebendes Organ  |0 (DE-588)1005538-1  |0 (DE-627)103060642  |0 (DE-576)191162442  |4 isb 
936 b k |a 71.60  |j Soziale Fragen  |j soziale Konflikte: Allgemeines  |q SEPA  |0 (DE-627)106412213 
936 b k |a 79.16  |j Jugendhilfe  |x Sozialarbeit  |q SEPA  |0 (DE-627)106412930 
936 b k |a 79.21  |j Obdachlosenhilfe  |q SEPA  |0 (DE-627)106416200 
951 |a BO 
ELC |b 1 
LOK |0 000 xxxxxcx a22 zn 4500 
LOK |0 001 3248348526 
LOK |0 003 DE-627 
LOK |0 004 1622952901 
LOK |0 005 20170428130259 
LOK |0 008 170123||||||||||||||||ger||||||| 
LOK |0 040   |a DE-21-110  |c DE-627  |d DE-21-110 
LOK |0 689   |a s  |a Jugendliche 
LOK |0 689   |a s  |a Obdachlosigkeit 
LOK |0 689   |a s  |a Straße 
LOK |0 689   |a s  |a Drogen 
LOK |0 689   |a s  |a Alkohol 
LOK |0 689   |a s  |a Selbstwahrnehmung 
LOK |0 852   |z Internet-Ausdruck 
LOK |0 852   |a DE-21-110 
LOK |0 852 1  |c D V 48  |m p  |9 00 
LOK |0 938   |a 1704 
LOK |0 938   |k p 
LOK |0 939   |a 23-01-17  |b l01 
ORI |a SA-MARC-krimdoka001.raw